MDQL
is popping MORE tags! Check the
thread
!
Quizzes
Events
Quiz Creation
Community
Videos
Private Events
Remove Ads
Sign In
Join for FREE
Feedback
Dark Mode
Quiz Categories
Sports
Geography
Music
Movies
Television
Just For Fun
Miscellaneous
History
Literature
Language
Science
Gaming
Entertainment
Religion
Holiday
For Kids
Quiz Lab
Recent
Popular Today
Quiz Kudos Today
Editor Picks
Curator Picks
Quizzes by...
Day
Popularity
Type
Ratings
Length
Year
Community
Subscriptions
Recent Discussions
Orange Saloon
Badges
Playlists
Quests
Create
Leaderboards
Showdown
Live 5
Trivia Bingo
Activity
Puzzle Library
Sporcle Events
Private Events
Virtual Trivia
Globe League
Become a Host
Pub Owners
SporcleCon
Opinionation
Our Games
Videos
Blog
Mobile Apps
Partnerships
Remove Ads and Go Orange
Feedback
Miscellaneous
Crossword
General Knowledge
Baby Names
Logo
Food
Cars
Numbers
Grab Bag
University
College
Popular
Company
Slogans
Restaurants
Justice
Letter
Miscellaneous
Crossword
General Knowledge
Baby Names
Logo
Food
Cars
Numbers
Grab Bag
University
College
Popular
Company
Slogans
Restaurants
Justice
Letter
Random Quiz
Search Sporcle
×
Quiz Lab
Quiz Lab
Miscellaneous
United States
Type in answers that appear in a list
Type in answers that appear in a list
Classic
Best Score? Go Orange.
1978 Baby Girls Stats
Can you name the Top 200 Baby Girl Names, USA, 1978- Variant Spellings Given?
By
nightfloat
15m
200 Questions
5,473 Plays
5,473 Plays
5,473 Plays
Comments
Comments
Give Quiz Kudos
Give Quiz Kudos
-
- Ratings
hide this ad
Replay
Link that replays current quiz
Next Quiz
Link to next quiz in quiz playlist
You Got
0%
They Got
Avg Score
71%
Avg Friend Score
Upgrade to see
Score Distribution
Jump to the score distribution portion of the page
Score
0/200
Timer
15:00
0
Plays Today
Rank
Name
% Correct
1
Jennifer
95.7%
24
Mary
95.3%
119
Anne
95.1%
125
Ann
95.1%
38
Katherine
94.5%
57
Kathryn
94.5%
72
Catherine
94.5%
3
Jessica
94.1%
14
Elizabeth
93.9%
36
Maria
92.4%
8
Sarah
92.1%
19
Laura
92.1%
28
Sara
92.1%
4
Amy
91%
144
Aimee
91%
66
Anna
90.7%
6
Amanda
90.7%
25
Rachel
90.6%
162
Rachael
90.6%
11
Lisa
90.4%
15
Christina
90.1%
64
Kristina
90.1%
29
Christine
89.9%
158
Kristine
89.9%
26
Julie
89.7%
2
Melissa
89.7%
112
Julia
89.3%
9
Michelle
88.9%
87
Michele
88.9%
17
Rebecca
88.5%
193
Rebekah
88.5%
148
Marie
88.1%
121
Victoria
88%
48
Patricia
87.9%
130
Carolyn
87.5%
199
Caroline
87.5%
100
Linda
87.5%
33
Emily
87%
10
Nicole
86.7%
116
Nichole
86.7%
16
Stephanie
86.5%
80
Lauren
86.4%
12
Kelly
85.9%
124
Kelli
85.9%
180
Kellie
85.9%
189
Kelley
85.9%
49
Susan
85.8%
102
Diana
85.5%
13
Kimberly
85.2%
110
Margaret
85.1%
5
Heather
85%
75
Allison
84.3%
123
Alison
84.3%
39
Karen
84.2%
140
Angel
84.2%
7
Angela
83.5%
74
Samantha
83.4%
181
Diane
83.4%
23
Andrea
82.5%
118
Deborah
82.2%
147
Debra
82.2%
65
Natalie
81.5%
86
Ashley
81.5%
120
Donna
81.5%
159
Janet
81.1%
107
Beth
81%
21
Erin
80.5%
Rank
Name
% Correct
41
Megan
80.5%
164
Meghan
80.5%
88
Teresa
80.4%
101
Theresa
80.4%
90
Katie
80%
31
Danielle
79.7%
113
Barbara
79.6%
54
Melanie
79.1%
70
Sandra
79.1%
76
Vanessa
79%
34
Erica
78.9%
104
Erika
78.9%
103
Brenda
78.4%
106
Sharon
78.3%
35
Carrie
78.2%
137
Kari
78.2%
197
Keri
78.2%
51
Kristy
77.4%
59
Christy
77.4%
98
Kristi
77.4%
167
Kristie
77.4%
174
Christie
77.4%
30
Amber
77.3%
44
Stacy
77.2%
53
Stacey
77.2%
177
Stacie
77.2%
58
Alicia
76.9%
188
Alisha
76.9%
56
Wendy
76.8%
60
Lori
76.7%
168
Laurie
76.7%
97
Nancy
76.6%
47
Tracy
76.5%
179
Tracey
76.5%
92
Valerie
76.3%
73
Veronica
76.1%
62
Kristen
75.9%
78
Kristin
75.9%
45
Tina
75.8%
109
Pamela
75.8%
82
Jacqueline
75.6%
131
Jaclyn
75.6%
55
Holly
74.9%
50
Cynthia
74.5%
79
Kathleen
74.4%
46
Jill
73.5%
190
Joanna
73.5%
93
Gina
73.4%
200
Olivia
73.1%
42
Monica
72.5%
22
Shannon
72.3%
142
Molly
72.1%
69
Dana
71.7%
111
Jenny
71%
151
Paula
70.9%
134
Cindy
70.9%
108
Leah
70.8%
85
Denise
70.7%
18
Crystal
70.4%
32
Tiffany
70.2%
132
Carla
69.3%
20
Jamie
68.6%
71
Jaime
68.6%
52
Dawn
68.2%
68
Courtney
68.2%
155
Bethany
67.8%
40
Tara
67.4%
Rank
Name
% Correct
63
Leslie
66.9%
94
Cheryl
66.8%
77
Tonya
66.5%
81
Tanya
66.5%
127
Kara
66.3%
191
Cara
66.3%
67
Tammy
65.7%
153
Cassandra
65.6%
27
April
65.3%
117
Suzanne
64.9%
95
Lindsay
64.8%
152
Lindsey
64.8%
84
Melinda
63.4%
150
Sherry
61.5%
176
Martha
60.1%
89
Robin
59.8%
187
Robyn
59.8%
194
Jillian
59.6%
105
Tamara
59.4%
139
Joy
59.1%
37
Brandy
58.5%
61
Brandi
58.5%
83
Heidi
58.4%
99
Renee
57.6%
114
Natasha
57.1%
115
Brooke
56.7%
160
Rhonda
54.9%
184
Miranda
54.7%
196
Candace
54.2%
169
Candice
54.2%
183
Sheila
54.2%
165
Virginia
52.7%
195
Melody
52.4%
133
Colleen
51.9%
173
Casey
51.5%
175
Shelly
50.1%
136
Deanna
50.1%
96
Mandy
49.1%
43
Misty
49%
128
Jodi
48.6%
129
Regina
47%
163
Bridget
46.1%
145
Kendra
45.7%
91
Sabrina
45.2%
170
Mindy
44.6%
122
Katrina
44.1%
141
Felicia
43.9%
146
Meredith
43.5%
156
Krista
42%
178
Toni
41.5%
182
Carmen
41.4%
172
Monique
40.2%
143
Summer
38.9%
157
Adrienne
37.8%
161
Shawna
37%
171
Trisha
36%
126
Tabitha
34.4%
138
Yolanda
34%
154
Desiree
33.8%
186
Janelle
30.8%
135
Latoya
29.7%
192
Shana
26.3%
198
Ebony
20.8%
185
Latasha
20.2%
149
Shanna
15.8%
166
Tamika
13.8%
Quiz Playlist
Details
Report
Send in Message
Add To Playlist
Classic:
Type in answers that appear in a list
Quiz Source
Last Updated: Jul 17, 2017
Quiz Scoreboard
CHALLENGE
Sign Up to Join the Scoreboard
Show All
Scores
Hide
Comments
May contain spoilers
Recently Published
Colored Red Africa Blitz
by spor1
Geography
30s
Find the 'City' Movie
by crazypaving
Movies
60s
5x2 Blitz: Bands
by SL_Kpop136
Music
30s
More to Explore
Quiz From the Vault
Featured Blog Post
14 Easter Pick-up Lines to Find Eggs With
hide this ad
You Might Also Like...
Tags
Baby Names Quiz
United States Quiz
1978
First Names
Today's Top Quizzes in Miscellaneous
Browse Miscellaneous
hide this ad
Today's Top Quizzes in United States
Browse United States
Top Contributed Quizzes in Miscellaneous
1
5-to-1: Fast Food
2
The JOE quick-fire general knowledge quiz: Day 174
3
9x9 Crossword: Disney Movie Titles
4
9x9 Crossword: Charlie and the Chocolate Factory
5
9x9 Crossword: Pixar Movie Titles
6
9x9 Crossword: Flags
7
9x9 Crossword: 2022 Movies
8
9x9 Crossword: Nickelodeon
9
9x9 Crossword: Actors
10
9x9 Crossword: Halloween
Explore More
Trending Topics
Anime
Harry Potter
NBA
Disney
Marvel
Kpop
Crossword
Soccer
Pokémon
Puzzle
The Office
NFL
WWE
Country
Song
hide this ad
More By:
nightfloat
Quiz
Plays
Rating
Category
Featured
Created
Flower and Jewelry Names for Ladies
118,268
4.49
Miscellaneous
Aug 21, 2011
French-English Name Dictionary
82,687
3.93
Language
Sep 14, 2012
Irish-English Name Dictionary
81,475
4.60
Language
Sep 16, 2012
Spanish-English Name Dictionary
80,054
4.35
Language
Sep 12, 2012
Lyn Names for Ladies
78,148
4.21
Miscellaneous
Aug 18, 2011
Go to Creator's Profile
Score Distribution
Quiz Creator Spotlight
nightfloat
Follow
Send a Message
Quizzes Created
-
Created Quiz Play Count
-
More By This Creator
Popular Quizzes Today
1
Colored Red Africa Blitz
2
Find the 'City' Movie
3
Find the US States - No Outlines Minefield
4
5x2 Blitz: Bands
5
The Countries of the World
6
Find the US States
7
US States
8
9x9 Crossword: Cartoon Network
More Miscellaneous Quizzes
Sunday Crossword: I Fear for the Calendar...
Published
Trending Quizzes
Colored Red Europe Blitz I
Colored Red Europe Blitz II
Colored Red Africa Blitz II
Colored Red Africa Blitz III
Colored Red Europe Blitz III
Recently Updated
Grab Bag: 4-10 Letters
pecheneg
2024 March Madness Bracket
pecheneg
Famous TV Couples
Peacemaker
Champions League XIs: Real Madrid
pecheneg
Largest US Cities 1790-2010
pecheneg
Rides in Walt Disney World
pecheneg
Most Oscar Losses (Acting)
pecheneg
Beyoncé Albums
pecheneg
Leaping Animals
pecheneg
Reality TV Shows (A-Z)
bhenderson79
Trending Topics
Marvel
Crossword
Kpop
Harry Potter
Disney
NBA
Anime
Puzzle
Song
Soccer
Pokémon
NFL
WWE
Country
The Office
Your Account Isn't Verified!
In order to create a playlist on Sporcle, you need to verify the email address you used during registration. Go to your
Sporcle Settings
to finish the process.
Report this User
Report this user for behavior that violates our
Community Guidelines
.
Details:
Send Report
Go to the Sporcle.com Mobile Site →
Comments